000 00359 a2200121 4500
001 ART_26204
005 20260410161936.0
008 260409a
245 1 0 _aXBRL: el nuevo paradigma de estados contables digitales
100 1 _aDíaz, Daniel
700 1 _aGaibazzi, María Florencia
773 0 _tSaberEs
_g- Nº 2 (jun. 2010)
_wREV26089
999 _c29096
_d29096